[Event "Madrid ch 2017-2018 Veteranos"]
[Site "Madrid ESP"]
[Date "2018.01.08"]
[Round "1.1"]
[White "Hernandez Garcia, Carlos"]
[Black "Elissalt Cardenas, Hector"]
[Result "0-1"]
[WhiteElo "1727"]
[BlackElo "2346"]
[PlyCount "80"]
[EventDate "2018.01.08"]
[EventType "swiss"]
[EventRounds "9"]
[EventCountry "ESP"]
[SourceTitle "Ajedrez en Madrid"]
[Source "lmi"]
[SourceDate "2018.01.08"]
[SourceVersion "1"]
[SourceVersionDate "2018.01.25"]
[SourceQuality "1"]

1. e4 d6 2. d4 Nf6 3. Nc3 e5 4. Nf3 Nbd7 5. Be2 Be7 6. dxe5 dxe5 7. O-O c6 8.
h3 Qc7 9. Be3 Bb4 10. Nd2 Nc5 11. f3 Ne6 12. a3 Be7 13. g4 h5 14. Kg2 Bc5 15.
Bxc5 Nxc5 16. Nc4 Ne6 17. Nd6+ Kf8 18. f4 Nxf4+ 19. Rxf4 exf4 20. e5 hxg4 21.
hxg4 Nd5 22. Nxd5 cxd5 23. Qd4 Qxc2 24. Re1 Bxg4 25. Qxf4 Bh3+ 26. Kf2 Qc5+ 27.
Kg3 Be6 28. Bg4 Qc2 29. Bxe6 Qh2+ 30. Kf3 Qxf4+ 31. Kxf4 fxe6 32. Rc1 Rh2 33.
b4 Kg8 34. Kg5 Rf8 35. Re1 Rg2+ 36. Kh4 Kh7 37. Kh3 Rg5 38. Re3 Kg6 39. Rg3
Rxg3+ 40. Kxg3 d4 0-1

[Event "Madrid ch 2017-2018 Veteranos"]
[Site "Madrid ESP"]
[Date "2018.01.08"]
[Round "1.2"]
[White "Longa Yauca, Javier"]
[Black "Lopez Peral, Enrique"]
[Result "1-0"]
[WhiteElo "2198"]
[BlackElo "1716"]
[PlyCount "80"]
[EventDate "2018.01.08"]
[EventType "swiss"]
[EventRounds "9"]
[EventCountry "ESP"]
[SourceTitle "Ajedrez en Madrid"]
[Source "lmi"]
[SourceDate "2018.01.08"]
[SourceVersion "1"]
[SourceVersionDate "2018.01.25"]
[SourceQuality "1"]

1. e4 e5 2. Nf3 Nf6 3. Nxe5 d6 4. Nf3 Nxe4 5. Nc3 Nxc3 6. dxc3 Be7 7. Be3 Nc6
8. Bc4 Be6 9. Bxe6 fxe6 10. Qd3 Bf6 11. O-O-O Qd7 12. g4 O-O-O 13. g5 Be7 14.
c4 Rdf8 15. Qe4 Rf5 16. Rhg1 g6 17. h4 Rhf8 18. Nh2 Ne5 19. f4 Qc6 20. Qxc6
Nxc6 21. Ng4 Re8 22. Rgf1 Bf8 23. Nf6 Re7 24. b3 e5 25. Nd5 Ref7 26. Rde1 Bg7
27. Kd1 exf4 28. Rxf4 Be5 29. Rxf5 Rxf5 30. Ke2 Kd7 31. Rh1 Bd4 32. Bxd4 Nxd4+
33. Kd3 c5 34. c3 Nf3 35. Nf6+ Kc6 36. Ke3 h6 37. Nd5 Kd7 38. gxh6 Ne5 39. Rg1
Ke6 40. h7 Rh5 1-0

[Event "Madrid ch 2017-2018 Veteranos"]
[Site "Madrid ESP"]
[Date "2018.01.08"]
[Round "1.3"]
[White "Marivela Santos, Juan Carlos"]
[Black "Pastor Alonso De Prado, Alberto"]
[Result "0-1"]
[WhiteElo "1714"]
[BlackElo "2190"]
[PlyCount "82"]
[EventDate "2018.01.08"]
[EventType "swiss"]
[EventRounds "9"]
[EventCountry "ESP"]
[SourceTitle "Ajedrez en Madrid"]
[Source "lmi"]
[SourceDate "2018.01.08"]
[SourceVersion "1"]
[SourceVersionDate "2018.01.25"]
[SourceQuality "1"]

1. c4 e6 2. Nc3 b6 3. Nf3 Bb7 4. e3 Nf6 5. Be2 Be7 6. O-O O-O 7. d4 d5 8. Ne5
Na6 9. cxd5 exd5 10. a3 c5 11. Qa4 Nc7 12. Nc6 Bxc6 13. Qxc6 Ne6 14. Qa4 a6 15.
Bf3 c4 16. g3 b5 17. Qd1 Rb8 18. Bd2 a5 19. a4 b4 20. Nb5 Ng5 21. Bg2 Qd7 22.
f3 Ne6 23. Re1 Rfd8 24. Re2 Nc7 25. Nxc7 Qxc7 26. Be1 Ne8 27. e4 dxe4 28. Rxe4
Bf6 29. g4 Nd6 30. Bg3 Qb6 31. Rf4 Bg5 32. h4 Bxf4 33. Bxf4 Rbc8 34. Be3 c3 35.
bxc3 Rxc3 36. Bf2 Nc4 37. Qe2 Qe6 38. Qe4 b3 39. Bf1 Qxe4 40. fxe4 b2 41. Rb1
Rc1 0-1

[Event "Madrid ch 2017-2018 Veteranos"]
[Site "Madrid ESP"]
[Date "2018.01.08"]
[Round "1.5"]
[White "San Segundo Ortiz, Fernando"]
[Black "Casares Ripoll, Fernando"]
[Result "0-1"]
[WhiteElo "1692"]
[BlackElo "2110"]
[PlyCount "76"]
[EventDate "2018.01.08"]
[EventType "swiss"]
[EventRounds "9"]
[EventCountry "ESP"]
[SourceTitle "Ajedrez en Madrid"]
[Source "lmi"]
[SourceDate "2018.01.08"]
[SourceVersion "1"]
[SourceVersionDate "2018.01.25"]
[SourceQuality "1"]

1. d4 d5 2. Nf3 c5 3. e3 Nf6 4. b3 cxd4 5. exd4 Bg4 6. Be2 e6 7. O-O Nc6 8. Bb2
Bd6 9. Nbd2 O-O 10. h3 Bh5 11. Rc1 Qa5 12. a4 Bf4 13. g3 Bxf3 14. gxf4 Bxe2 15.
Qxe2 Nh5 16. Qe3 Qc7 17. Nf3 Qxf4 18. b4 Qxe3 19. fxe3 Ng3 20. Rf2 Nf5 21. Re2
Rfd8 22. c3 Rac8 23. Kh2 Nd6 24. Rg1 Ne7 25. Reg2 Nef5 26. Ne5 Ne4 27. h4 g6
28. h5 Nh6 29. hxg6 fxg6 30. Rg4 Nf5 31. b5 Nxe3 32. Rxe4 dxe4 33. Re1 Nc4 34.
Nxc4 Rxc4 35. Rxe4 Rxa4 36. Kg2 Kf7 37. Bc1 Rd5 38. b6 axb6 0-1

[Event "Madrid ch 2017-2018 Veteranos"]
[Site "Madrid ESP"]
[Date "2018.01.08"]
[Round "1.6"]
[White "Sanchez Garcia, Aurelio"]
[Black "Calderon Martin, Antonio"]
[Result "1-0"]
[WhiteElo "2091"]
[BlackElo "1665"]
[PlyCount "95"]
[EventDate "2018.01.08"]
[EventType "swiss"]
[EventRounds "9"]
[EventCountry "ESP"]
[SourceTitle "Ajedrez en Madrid"]
[Source "lmi"]
[SourceDate "2018.01.08"]
[SourceVersion "1"]
[SourceVersionDate "2018.01.25"]
[SourceQuality "1"]

1. Nf3 c5 2. e3 b6 3. d4 cxd4 4. exd4 Bb7 5. Bd3 g6 6. O-O Bg7 7. Bg5 Nf6 8.
Nbd2 O-O 9. Re1 d6 10. c3 Nbd7 11. a4 h6 12. Bh4 g5 13. Bg3 Nh5 14. h3 Nxg3 15.
fxg3 e5 16. Bf5 Re8 17. Nc4 Bxf3 18. Qxf3 Qc7 19. Bxd7 Qxd7 20. dxe5 dxe5 21.
Nxe5 Qc7 22. Ng4 Qc5+ 23. Qf2 Qc6 24. Rf1 Re7 25. a5 b5 26. Rae1 Rae8 27. Rxe7
Rxe7 28. Nf6+ Bxf6 29. Qxf6 Qxf6 30. Rxf6 Kg7 31. Ra6 h5 32. Kf2 g4 33. Rd6 Rc7
34. Ke3 f6 35. Kd4 Kf7 36. Rd5 Rc4+ 37. Kd3 Rc7 38. Rxb5 Kg6 39. Rd5 Rb7 40. b4
Re7 41. b5 Re1 42. hxg4 hxg4 43. c4 Rg1 44. b6 axb6 45. axb6 Rxg2 46. b7 Rxg3+
47. Ke2 Rb3 48. Rb5 1-0

[Event "Madrid ch 2017-2018 Veteranos"]
[Site "Madrid ESP"]
[Date "2018.01.08"]
[Round "1.7"]
[White "Martinez Pintor, Juan"]
[Black "De la Orden Alcocer, Alejandro"]
[Result "0-1"]
[WhiteElo "1661"]
[BlackElo "2042"]
[PlyCount "32"]
[EventDate "2018.01.08"]
[EventType "swiss"]
[EventRounds "9"]
[EventCountry "ESP"]
[SourceTitle "Ajedrez en Madrid"]
[Source "lmi"]
[SourceDate "2018.01.08"]
[SourceVersion "1"]
[SourceVersionDate "2018.01.25"]
[SourceQuality "1"]

1. d4 g6 2. c4 Bg7 3. Nc3 c5 4. d5 Bxc3+ 5. bxc3 f5 6. Bf4 d6 7. f3 Nf6 8. Qc2
Qa5 9. Bh6 Nbd7 10. Qb3 Rg8 11. Nh3 Ne5 12. Ng5 Bd7 13. Qxb7 Qxc3+ 14. Kf2 Rc8
15. Qb1 Qd4+ 16. e3 Qh4+ 0-1

[Event "Madrid ch 2017-2018 Veteranos"]
[Site "Madrid ESP"]
[Date "2018.01.08"]
[Round "1.8"]
[White "Lopez de Turiso, Jose Angel"]
[Black "Martinez Martinez, Javier II"]
[Result "1-0"]
[WhiteElo "2020"]
[BlackElo "1644"]
[PlyCount "69"]
[EventDate "2018.01.08"]
[EventType "swiss"]
[EventRounds "9"]
[EventCountry "ESP"]
[SourceTitle "Ajedrez en Madrid"]
[Source "lmi"]
[SourceDate "2018.01.08"]
[SourceVersion "1"]
[SourceVersionDate "2018.01.25"]
[SourceQuality "1"]

1. c4 Nf6 2. Nc3 g6 3. e4 d6 4. g3 e5 5. Bg2 Bg7 6. Nge2 O-O 7. O-O c6 8. h3
Nbd7 9. f4 exf4 10. gxf4 Nc5 11. d4 Ncxe4 12. Nxe4 Nxe4 13. Bxe4 Bxh3 14. Bg2
Bxg2 15. Kxg2 d5 16. c5 Qd7 17. f5 Rae8 18. Ng3 f6 19. Bf4 Rf7 20. Qd3 g5 21.
Bd6 h5 22. Nxh5 Bf8 23. Bxf8 Rfxf8 24. Rae1 Qf7 25. Qh3 Re4 26. Rxe4 dxe4 27.
Qb3 Qd5 28. Re1 Kh7 29. Qxb7+ Qf7 30. Nxf6+ Kg7 31. Nh5+ Kg8 32. Qxf7+ Rxf7 33.
Ng3 Rb7 34. b3 a5 35. Nxe4 1-0

[Event "Madrid ch 2017-2018 Veteranos"]
[Site "Madrid ESP"]
[Date "2018.01.08"]
[Round "1.9"]
[White "Martinez Miura, Enrique"]
[Black "Gonzalez Rivera, Eduardo"]
[Result "0-1"]
[WhiteElo "1637"]
[BlackElo "2014"]
[PlyCount "50"]
[EventDate "2018.01.08"]
[EventType "swiss"]
[EventRounds "9"]
[EventCountry "ESP"]
[SourceTitle "Ajedrez en Madrid"]
[Source "lmi"]
[SourceDate "2018.01.08"]
[SourceVersion "1"]
[SourceVersionDate "2018.01.25"]
[SourceQuality "1"]

1. e4 e5 2. Nf3 Nc6 3. Bb5 a6 4. Ba4 Nf6 5. O-O Nxe4 6. Bxc6 dxc6 7. Re1 Nc5 8.
Nxe5 Be7 9. d4 Ne6 10. Be3 O-O 11. c4 f6 12. Nf3 f5 13. Qd3 Bf6 14. Rd1 c5 15.
Na3 f4 16. Bd2 Nxd4 17. Nxd4 Qxd4 18. Qxd4 Bxd4 19. Rab1 Bf5 20. b4 Bxb1 21.
Rxb1 Rad8 22. Be1 Rfe8 23. Nc2 Re2 24. Nxd4 cxd4 25. a4 Rc2 0-1

[Event "Madrid ch 2017-2018 Veteranos"]
[Site "Madrid ESP"]
[Date "2018.01.08"]
[Round "1.10"]
[White "Lorenzo Bailador, Alfredo"]
[Black "Rodriguez Bachiller, Luis"]
[Result "1-0"]
[WhiteElo "2011"]
[BlackElo "1634"]
[PlyCount "73"]
[EventDate "2018.01.08"]
[EventType "swiss"]
[EventRounds "9"]
[EventCountry "ESP"]
[SourceTitle "Ajedrez en Madrid"]
[Source "lmi"]
[SourceDate "2018.01.08"]
[SourceVersion "1"]
[SourceVersionDate "2018.01.25"]
[SourceQuality "1"]

1. e4 c6 2. d4 d5 3. exd5 cxd5 4. Bd3 Nf6 5. h3 Nc6 6. c3 e5 7. dxe5 Nxe5 8.
Nf3 Nxd3+ 9. Qxd3 Bd6 10. Be3 Be6 11. Nbd2 O-O 12. O-O Qc7 13. Bd4 Ne8 14. Ng5
g6 15. Nxe6 fxe6 16. Rfe1 Qf7 17. Nf3 Nc7 18. Ne5 Qf5 19. Ng4 Bf4 20. Qe2 h5
21. Ne5 a6 22. Nd3 Bd6 23. a4 b5 24. b4 bxa4 25. Rxa4 Rfe8 26. Rea1 Nb5 27.
Rxa6 Nxd4 28. cxd4 Rxa6 29. Rxa6 Bxb4 30. Nxb4 Qb1+ 31. Kh2 Qxb4 32. Rxe6 Rxe6
33. Qxe6+ Kg7 34. Qxd5 Qd2 35. Qe5+ Kf7 36. Qe3 Qa5 37. Qf4+ 1-0

[Event "Madrid ch 2017-2018 Veteranos"]
[Site "Madrid ESP"]
[Date "2018.01.08"]
[Round "1.11"]
[White "Perez Gonzalez, Jesus Miguel"]
[Black "Garcia Galeote, Lorenzo"]
[Result "0-1"]
[WhiteElo "1626"]
[BlackElo "1971"]
[PlyCount "62"]
[EventDate "2018.01.08"]
[EventType "swiss"]
[EventRounds "9"]
[EventCountry "ESP"]
[SourceTitle "Ajedrez en Madrid"]
[Source "lmi"]
[SourceDate "2018.01.08"]
[SourceVersion "1"]
[SourceVersionDate "2018.01.25"]
[SourceQuality "1"]

1. c4 g6 2. Nf3 Bg7 3. d4 d6 4. Nc3 Nf6 5. e4 O-O 6. Be2 a5 7. O-O Nbd7 8. Re1
e5 9. d5 Nc5 10. Bf1 h6 11. Qc2 Nh5 12. Be3 b6 13. g3 f5 14. Bxc5 bxc5 15. Nh4
Qf6 16. exf5 gxf5 17. Be2 Nf4 18. Bf1 Ng6 19. Nxg6 Qxg6 20. h4 Qf6 21. Bh3 Rb8
22. Re2 e4 23. Nb5 Rf7 24. Rae1 Qg6 25. Kh1 Be5 26. a4 Rg7 27. Rg1 Bd7 28. Rg2
c6 29. dxc6 Bxc6 30. Re3 Qf6 31. Qd2 f4 0-1

[Event "Madrid ch 2017-2018 Veteranos"]
[Site "Madrid ESP"]
[Date "2018.01.08"]
[Round "1.12"]
[White "Quintero Torres, Pedro"]
[Black "De Los Rios Camacho, Juan Antoni"]
[Result "1-0"]
[WhiteElo "1966"]
[BlackElo "1624"]
[PlyCount "72"]
[EventDate "2018.01.08"]
[EventType "swiss"]
[EventRounds "9"]
[EventCountry "ESP"]
[SourceTitle "Ajedrez en Madrid"]
[Source "lmi"]
[SourceDate "2018.01.08"]
[SourceVersion "1"]
[SourceVersionDate "2018.01.25"]
[SourceQuality "1"]

1. e4 c5 2. b3 Nc6 3. Bb2 e6 4. Nf3 Nf6 5. e5 Nd5 6. Nc3 Nxc3 7. Bxc3 a6 8. g3
b5 9. Bg2 Bb7 10. O-O Be7 11. Qe2 Qb6 12. Rfd1 b4 13. Bb2 Rb8 14. d4 cxd4 15.
Nxd4 Nxd4 16. Bxd4 Qb5 17. Qd2 Bxg2 18. Kxg2 O-O 19. Qd3 Qc6+ 20. Kg1 Rb7 21.
Rac1 Qb5 22. c4 bxc3 23. Rxc3 Bb4 24. Rc4 Rd8 25. Qf3 d5 26. exd6 Bxd6 27. Bc5
Be7 28. Bxe7 Rxd1+ 29. Qxd1 Rxe7 30. Qd6 Qe8 31. Qxa6 Qd7 32. Qc8+ Qe8 33. a4
g6 34. Qxe8+ Rxe8 35. b4 e5 36. b5 e4 1-0

[Event "Madrid ch 2017-2018 Veteranos"]
[Site "Madrid ESP"]
[Date "2018.01.08"]
[Round "1.14"]
[White "Alvarez Abejon, Amilcar"]
[Black "Bellagamba, Pascal"]
[Result "1-0"]
[WhiteElo "1926"]
[BlackElo "1596"]
[PlyCount "77"]
[EventDate "2018.01.08"]
[EventType "swiss"]
[EventRounds "9"]
[EventCountry "ESP"]
[SourceTitle "Ajedrez en Madrid"]
[Source "lmi"]
[SourceDate "2018.01.08"]
[SourceVersion "1"]
[SourceVersionDate "2018.01.25"]
[SourceQuality "1"]

1. c4 Nf6 2. Nc3 e5 3. Nf3 d6 4. d4 e4 5. Ng5 Bf5 6. g4 Bxg4 7. Bg2 c6 8. Ngxe4
Be7 9. Bf4 Nh5 10. Be3 Nd7 11. Qd2 Nb6 12. b3 Nd7 13. h3 Bf5 14. Ng3 Nxg3 15.
fxg3 Nf6 16. O-O Bg6 17. Bg5 h6 18. Bxf6 Bxf6 19. Be4 Bxe4 20. Nxe4 Be7 21. g4
d5 22. Ng3 Bg5 23. Qd3 g6 24. e4 dxc4 25. bxc4 Bf6 26. Rad1 Bh4 27. e5 Bxg3 28.
Qxg3 O-O 29. Rf6 Qb6 30. Qf4 Kg7 31. Rf1 Qc7 32. h4 Rae8 33. h5 g5 34. Qf5 Qe7
35. e6 Qc7 36. Rf3 Qe7 37. Rxf7+ Rxf7 38. Qg6+ Kh8 39. Rxf7 1-0

[Event "Madrid ch 2017-2018 Veteranos"]
[Site "Madrid ESP"]
[Date "2018.01.08"]
[Round "1.15"]
[White "Martinez Carrasco, Jesus"]
[Black "Garcia Martin, Esteban"]
[Result "1/2-1/2"]
[WhiteElo "1568"]
[BlackElo "1886"]
[PlyCount "56"]
[EventDate "2018.01.08"]
[EventType "swiss"]
[EventRounds "9"]
[EventCountry "ESP"]
[SourceTitle "Ajedrez en Madrid"]
[Source "lmi"]
[SourceDate "2018.01.08"]
[SourceVersion "1"]
[SourceVersionDate "2018.01.25"]
[SourceQuality "1"]

1. d4 Nf6 2. c4 g6 3. Nc3 Bg7 4. e4 d6 5. Nf3 O-O 6. Bd3 e5 7. d5 a5 8. O-O Na6
9. Na4 Bd7 10. Bd2 Qe8 11. Nc3 Nc5 12. Bc2 Nh5 13. Ne2 f5 14. exf5 gxf5 15. Qe1
Qg6 16. Ng3 Nxg3 17. fxg3 Qg4 18. Bd1 Qg6 19. Nh4 Qe8 20. Bh6 Qe7 21. Bxg7 Qxg7
22. Bc2 e4 23. Rb1 b6 24. Qe3 Rae8 25. b3 Rf6 26. Rf4 Ref8 27. Rbf1 Qg5 28. Qf2
Kg7 1/2-1/2

[Event "Madrid ch 2017-2018 Veteranos"]
[Site "Madrid ESP"]
[Date "2018.01.08"]
[Round "1.16"]
[White "Viñas Lopez, Carlos"]
[Black "Cupeiro Fernandez, Manuel"]
[Result "1-0"]
[WhiteElo "1884"]
[BlackElo "1552"]
[PlyCount "39"]
[EventDate "2018.01.08"]
[EventType "swiss"]
[EventRounds "9"]
[EventCountry "ESP"]
[SourceTitle "Ajedrez en Madrid"]
[Source "lmi"]
[SourceDate "2018.01.08"]
[SourceVersion "1"]
[SourceVersionDate "2018.01.25"]
[SourceQuality "1"]

1. d4 c6 2. c4 d6 3. Nf3 Bf5 4. Nc3 e6 5. e4 Bg6 6. Bd3 Be7 7. O-O Nf6 8. Qe2
Nbd7 9. Bf4 O-O 10. h3 Qa5 11. Rfd1 e5 12. Bh2 Bh5 13. g4 Bg6 14. a3 Qc7 15.
Rac1 h6 16. Bb1 Rac8 17. c5 dxc5 18. dxe5 Nxg4 19. hxg4 Nb6 20. e6 1-0

[Event "Madrid ch 2017-2018 Veteranos"]
[Site "Madrid ESP"]
[Date "2018.01.08"]
[Round "1.18"]
[White "Marcos Herrero, Francisco"]
[Black "Villodre Miranda, Juan Alonso"]
[Result "1-0"]
[WhiteElo "1876"]
[BlackElo "1542"]
[PlyCount "77"]
[EventDate "2018.01.08"]
[EventType "swiss"]
[EventRounds "9"]
[EventCountry "ESP"]
[SourceTitle "Ajedrez en Madrid"]
[Source "lmi"]
[SourceDate "2018.01.08"]
[SourceVersion "1"]
[SourceVersionDate "2018.01.25"]
[SourceQuality "1"]

1. d4 f5 2. Nf3 Nf6 3. g3 d5 4. Bg2 e6 5. O-O Be7 6. c4 c6 7. Nbd2 O-O 8. Ne5
Nbd7 9. Nd3 Ne4 10. Qc2 Ndf6 11. Nf3 Nd6 12. Nfe5 Nf7 13. Rb1 Nxe5 14. Nxe5 Nd7
15. Nd3 g5 16. b4 Nb6 17. cxd5 cxd5 18. Ne5 Nd7 19. Rd1 Nxe5 20. dxe5 Bd7 21.
Be3 Rc8 22. Qb2 a6 23. Rbc1 Bc6 24. Bd4 Qe8 25. Rc3 g4 26. Rdc1 h5 27. a4 b5
28. axb5 axb5 29. e3 Qd7 30. Bf1 Bb7 31. Bc5 Rfe8 32. Bxe7 Rxc3 33. Qxc3 Rxe7
34. Qc5 Kf7 35. Bxb5 Qd8 36. Qd6 Qf8 37. Bd7 Qh6 38. Rc7 Ba8 39. Be8+ 1-0

[Event "Madrid ch 2017-2018 Veteranos"]
[Site "Madrid ESP"]
[Date "2018.01.08"]
[Round "1.19"]
[White "Osuna Osuna, Francisco"]
[Black "Camarero Izquierdo, Juan Carlos"]
[Result "0-1"]
[WhiteElo "1537"]
[BlackElo "1868"]
[PlyCount "58"]
[EventDate "2018.01.08"]
[EventType "swiss"]
[EventRounds "9"]
[EventCountry "ESP"]
[SourceTitle "Ajedrez en Madrid"]
[Source "lmi"]
[SourceDate "2018.01.08"]
[SourceVersion "1"]
[SourceVersionDate "2018.01.25"]
[SourceQuality "1"]

1. e4 c5 2. Nc3 d6 3. f4 Nc6 4. Nf3 e6 5. Bc4 a6 6. a4 Qc7 7. d3 Nf6 8. O-O Be7
9. Qe1 O-O 10. Qg3 Nd4 11. Nxd4 cxd4 12. Ne2 Nxe4 13. dxe4 Qxc4 14. Qd3 Qxd3
15. cxd3 e5 16. Bd2 Bg4 17. Ng3 Rac8 18. Rac1 Bh4 19. Kf2 Bd7 20. a5 f5 21. Kf3
Bxg3 22. hxg3 Bb5 23. Rxc8 Rxc8 24. exf5 Bxd3 25. Re1 e4+ 26. Kg4 Rc2 27. Bb4
d5 28. Ba3 Be2+ 29. Kh3 d3 0-1

[Event "Madrid ch 2017-2018 Veteranos"]
[Site "Madrid ESP"]
[Date "2018.01.08"]
[Round "1.20"]
[White "Lopez Heras, Arturo"]
[Black "Salgado Duarte, Pablo"]
[Result "1-0"]
[WhiteElo "1859"]
[BlackElo "1522"]
[PlyCount "101"]
[EventDate "2018.01.08"]
[EventType "swiss"]
[EventRounds "9"]
[EventCountry "ESP"]
[SourceTitle "Ajedrez en Madrid"]
[Source "lmi"]
[SourceDate "2018.01.08"]
[SourceVersion "1"]
[SourceVersionDate "2018.01.25"]
[SourceQuality "1"]

1. d4 d5 2. c4 e6 3. Nf3 Nf6 4. Nc3 Nc6 5. Bg5 Be7 6. e3 O-O 7. Bd3 a6 8. Rc1
Nb4 9. Be2 dxc4 10. Bxc4 Nbd5 11. O-O Nxc3 12. Rxc3 Ne4 13. Bxe7 Nxc3 14. Bxd8
Nxd1 15. Be7 Nxb2 16. Bb3 Re8 17. Ba3 Nd3 18. Rd1 Nxf2 19. Kxf2 c6 20. Ne5 a5
21. Rc1 f6 22. Nc4 a4 23. Bd1 b5 24. Nd6 Rd8 25. Rxc6 Rb8 26. Bb4 Bd7 27. Rc7
Be8 28. Re7 Bc6 29. a3 Bd5 30. Be2 Bc6 31. Rxe6 Bd5 32. Re7 Rb6 33. Nxb5 Rc8
34. Nc7 Bb3 35. Bg4 Rd8 36. Ne6 Ra8 37. Bc5 Rbb8 38. Nxg7 Bd5 39. Bf3 Rb2+ 40.
Kg3 Bxf3 41. Kxf3 Rb1 42. Nh5 Kh8 43. Ke4 Rf1 44. Rf7 Re8+ 45. Kd3 Re1 46. Nxf6
R8xe3+ 47. Kc4 Rc1+ 48. Kd5 Rxc5+ 49. dxc5 Re5+ 50. Kd4 Re7 51. Rxh7+ 1-0

[Event "Madrid ch 2017-2018 Veteranos"]
[Site "Madrid ESP"]
[Date "2018.01.08"]
[Round "1.21"]
[White "Perez Gonzalez, Eugenio"]
[Black "Sotoca Aguado, Jose"]
[Result "0-1"]
[WhiteElo "1518"]
[BlackElo "1852"]
[PlyCount "46"]
[EventDate "2018.01.08"]
[EventType "swiss"]
[EventRounds "9"]
[EventCountry "ESP"]
[SourceTitle "Ajedrez en Madrid"]
[Source "lmi"]
[SourceDate "2018.01.08"]
[SourceVersion "1"]
[SourceVersionDate "2018.01.25"]
[SourceQuality "1"]

1. e4 c6 2. d4 d5 3. e5 Bf5 4. Nf3 e6 5. Nc3 Nd7 6. a3 Be7 7. Be3 f6 8. b4 Qc7
9. exf6 Bxf6 10. Be2 Ne7 11. O-O O-O 12. Qd2 e5 13. Rac1 Kh8 14. Bg5 Ng6 15.
Bxf6 Rxf6 16. h3 Raf8 17. g4 Be6 18. dxe5 Ndxe5 19. Nxe5 Qxe5 20. Rce1 Nf4 21.
h4 Nh3+ 22. Kg2 Rxf2+ 23. Rxf2 Rxf2+ 0-1

[Event "Madrid ch 2017-2018 Veteranos"]
[Site "Madrid ESP"]
[Date "2018.01.08"]
[Round "1.22"]
[White "Rueda Maria, Ramiro"]
[Black "Ghavami, Mahmoud"]
[Result "1-0"]
[WhiteElo "1827"]
[BlackElo "1516"]
[PlyCount "97"]
[EventDate "2018.01.08"]
[EventType "swiss"]
[EventRounds "9"]
[EventCountry "ESP"]
[SourceTitle "Ajedrez en Madrid"]
[Source "lmi"]
[SourceDate "2018.01.08"]
[SourceVersion "1"]
[SourceVersionDate "2018.01.25"]
[SourceQuality "1"]

1. e4 e6 2. d4 d5 3. Nc3 Nf6 4. Bg5 Be7 5. Bxf6 Bxf6 6. e5 Be7 7. Bd3 a6 8. Nf3
c5 9. O-O Nc6 10. dxc5 Bxc5 11. Qe2 Nd4 12. Nxd4 Bxd4 13. Nd1 Qg5 14. Re1 Bd7
15. c3 Bb6 16. Ne3 Qxe5 17. Qf3 Qg5 18. Nxd5 Bc6 19. c4 O-O 20. Qf4 Qxf4 21.
Nxf4 Bd4 22. Rab1 Rad8 23. Red1 Rd7 24. b3 Rfd8 25. Bc2 g6 26. Ne2 e5 27. Nxd4
exd4 28. Bd3 Re7 29. Re1 Rde8 30. Rxe7 Rxe7 31. f3 f5 32. Kf2 Kf7 33. Rb2 f4
34. g3 g5 35. Bxh7 Re3 36. Be4 Bxe4 37. fxe4 Rxe4 38. Re2 fxg3+ 39. hxg3 Re6
40. Rd2 Rd6 41. Kf3 Kg6 42. Ke4 b5 43. c5 Rc6 44. Kd5 Rf6 45. c6 Rf3 46. g4 Rf1
47. c7 Rc1 48. Kd6 Kf6 49. Rxd4 1-0

[Event "Madrid ch 2017-2018 Veteranos"]
[Site "Madrid ESP"]
[Date "2018.01.08"]
[Round "1.23"]
[White "Prieto Gonzalez, Cesar"]
[Black "Fernandez Aransay, Fernando"]
[Result "0-1"]
[WhiteElo "1515"]
[BlackElo "1825"]
[PlyCount "78"]
[EventDate "2018.01.08"]
[EventType "swiss"]
[EventRounds "9"]
[EventCountry "ESP"]
[SourceTitle "Ajedrez en Madrid"]
[Source "lmi"]
[SourceDate "2018.01.08"]
[SourceVersion "1"]
[SourceVersionDate "2018.01.25"]
[SourceQuality "1"]

1. e4 c5 2. Nc3 d6 3. f4 Nc6 4. Nf3 g6 5. Bc4 Bg7 6. d3 Nf6 7. a3 O-O 8. O-O a6
9. Bd2 b5 10. Ba2 Bb7 11. e5 dxe5 12. fxe5 Nxe5 13. Nxe5 Qd4+ 14. Kh1 Qxe5 15.
Bf4 Qh5 16. Qe1 Qg4 17. Qf2 Nh5 18. Be3 Bd4 19. Bxd4 Qxd4 20. Qxd4 cxd4 21. Nd5
e6 22. Nf6+ Nxf6 23. Rxf6 Rac8 24. Bb3 Rfd8 25. Raf1 Rc7 26. R1f4 Kg7 27. Kg1
Bd5 28. Bxd5 Rxd5 29. Rf2 Rdc5 30. R6f4 Rxc2 31. Rxd4 Rxf2 32. Kxf2 Rc2+ 33.
Kf3 Rxb2 34. Rd6 a5 35. Ra6 a4 36. Rb6 Rb3 37. Ke3 Rxa3 38. Rxb5 Ra2 39. Kf3
Rd2 0-1

[Event "Madrid ch 2017-2018 Veteranos"]
[Site "Madrid ESP"]
[Date "2018.01.08"]
[Round "1.25"]
[White "Sanchez Lucena, Juan"]
[Black "Minguela Muñoz, Bienvenido"]
[Result "0-1"]
[WhiteElo "1456"]
[BlackElo "1819"]
[PlyCount "90"]
[EventDate "2018.01.08"]
[EventType "swiss"]
[EventRounds "9"]
[EventCountry "ESP"]
[SourceTitle "Ajedrez en Madrid"]
[Source "lmi"]
[SourceDate "2018.01.08"]
[SourceVersion "1"]
[SourceVersionDate "2018.01.25"]
[SourceQuality "1"]

1. d4 Nf6 2. Nf3 g6 3. a3 Bg7 4. e3 b6 5. Nc3 Bb7 6. g3 d6 7. Bg2 Nbd7 8. O-O
O-O 9. Ng5 Bxg2 10. Kxg2 c5 11. Nf3 Qc7 12. Bd2 Qb7 13. Kg1 Rac8 14. Re1 d5 15.
Ne2 Ne4 16. Bc1 cxd4 17. exd4 Qc6 18. c3 Qf6 19. Nf4 e6 20. Nd2 Nxf2 21. Kxf2
g5 22. Nf3 gxf4 23. Bxf4 Qf5 24. Kg2 h5 25. Nh4 Qg4 26. Qxg4 hxg4 27. Bg5 f6
28. Bf4 Kf7 29. Rf1 f5 30. Kg1 Nf6 31. Rae1 Ne4 32. Re2 b5 33. Ng2 a5 34. Be5
Bxe5 35. dxe5 Ng5 36. Ne3 Ke7 37. Kg2 Rh8 38. Kh1 Rh3 39. Rg2 Nf3 40. Rgf2 Rch8
41. Rxf3 Rxh2+ 42. Kg1 gxf3 43. Rxf3 Rxb2 44. Nd1 Ra2 45. c4 bxc4 0-1

[Event "Madrid ch 2017-2018 Veteranos"]
[Site "Madrid ESP"]
[Date "2018.01.08"]
[Round "1.26"]
[White "Serrano Garcia, Vicente"]
[Black "Abad Martin-Camuñas, Luis"]
[Result "1-0"]
[WhiteElo "1817"]
[BlackElo "1408"]
[PlyCount "45"]
[EventDate "2018.01.08"]
[EventType "swiss"]
[EventRounds "9"]
[EventCountry "ESP"]
[SourceTitle "Ajedrez en Madrid"]
[Source "lmi"]
[SourceDate "2018.01.08"]
[SourceVersion "1"]
[SourceVersionDate "2018.01.25"]
[SourceQuality "1"]

1. d4 f5 2. Nf3 Nf6 3. c4 e6 4. Nc3 d5 5. Bf4 a6 6. cxd5 Nxd5 7. Nxd5 Qxd5 8.
a3 c5 9. Rc1 Nc6 10. e3 b5 11. dxc5 Qxd1+ 12. Rxd1 Bb7 13. b4 Be7 14. Be2 O-O
15. Rd7 Bc8 16. Rc7 Nxb4 17. axb4 Bf6 18. O-O Bc3 19. Be5 Bxe5 20. Nxe5 Rd8 21.
Rd1 Rf8 22. Bf3 Rb8 23. Nc6 1-0